Eclipse (Registo nº 1017)

Detalhes MARC
000 -Etiqueta do registo
Cabeçalho 00830nam a2200325 i 4500
005 - Identificador da versão
Campo de controlo 20240813121823.0
010 ## - Número internacional normalizado dos livros (ISBN)
Número (ISBN) 9789895575718
021 ## - Número do Depósito Legal
Código do país PT
Número 287162/08
035 ## - Other System Control Numbers
System Control Number 0001065
System Control Number 0001065
100 ## - Dados gerais de processamento
Dados gerais de processamento 20090316d2009 m y0pory5003 ba
102 ## - Pais de publicação ou produção
País de publicação Portugal
101 1# - Língua de publicação
Língua do texto, banda sonora, etc. Português
Língua do documento no original Inglês
106 ## - Campo de dados codificados: material textual
Dados codificados do material textual r
105 ## - Campo de dados codificados: livros
Dados codificados dos livros y z 000ay
215 ## - Descrição física 
Indicação específica da natureza do documento e extensão da espécie 601, [7] p.
Dimensões 25 cm
200 1# - Titulo e menção de responsabilidade
Título próprio Eclipse
Primeira menção de responsabilidade Stephenie Meyer
Outras menções de responsabilidade trad. Ana Mendes Lopes
225 2# - Colecção 
Título próprio da colecção 1001 Mundos
Nome de uma parte ou secção Luz e Escuridão
Indicação de volume 3
205 ## - Menção da edição
Menção da edição 4ª ed
210 ## - Publicação, Distribuição, etc. 
Lugar da edição, distribuição, etc. Alfragide
Nome do editor, distribuidor, etc. Gailivro
Data da publicação, distribuição, etc. 2009
300 ## - Notas gerais 
Texto da nota Tit. orig.: Eclipse
517 1# - Outras variantes do título
Variant Title Twilight
675 ## - Classificação Decimal Universal (CDU)
Notação 82-31
Edição BN
Língua da edição por
702 #1 - Nome de autor-pessoa física (responsabilidade secundária)
Número de registo de entrada de autoridade 0001378
Palavra de ordem Lopes
Outra parte do nome não tomada para palavra de ordem Ana Mendes
Código de função Tradutor
700 #1 - Nome de autor-pessoa física (responsabilidade principal)
Número de registo de entrada de autoridade 0001358
Palavra de ordem Meyer
Outra parte do nome não tomada para palavra de ordem Stephenie
942 ## - Elementos de entrada adicionados (Koha)
Tipo de item no Koha Livro
Exemplares
Situação do levantamento Origin of item (home branch) (coded) Biblioteca de empréstimo Código de barras Cota Circulation type (not for loan) Tipo de documento Nota do exemplar Damaged status
  Biblioteca Escolar Eng. Nuno Mergulhão Biblioteca Escolar Eng. Nuno Mergulhão BENM1870 8EST MEY   Livro Sem mensagem